Famous domed building picture quiz - Statistics

General Stats
  • This quiz has been taken 19 times
  • The average score is 7 of 16
Answer Stats
Picture Answer % Correct
St Paul's Cathedral
88%
Dome of the Rock
75%
St Peter's Basilica
75%
Taj Mahal
75%
United States Capitol
69%
Hagia Sophia
63%
St Basil's Cathedral
63%
Duomo Firenze
50%
Eden Project
50%
Sacré-Cœur
38%
Hungary Parliament Building
19%
Minnesota Capitol
19%
Brighton Pavillion
13%
Ak Orda Palace
6%
Runit Dome
6%
Sheikh Lotfollah Mosque
0%
No matching quizzes found
Score Distribution
Percent of People with Each Score
Percentile by Number Answered
Your Score History
You have not taken this quiz